| 000 | 00877nam a22002297a 4500 | ||
|---|---|---|---|
| 999 |
_c11335 _d11335 |
||
| 003 | AR-CdUCM | ||
| 008 | 190312b ||||| |||| 00| 0 spa d | ||
| 040 |
_aMUNICIPALIDAD PROVINCIAL DEL CUSCO _cBIBLIOTECA MUNICIPAL DEL CUSCO |
||
| 082 |
_a869.56 / _bV14 / 1961 |
||
| 100 |
_aValcarcel, Gustavo _9737 |
||
| 245 | _aCuba si; yanquis no / | ||
| 260 |
_aLima : _bUniversidad Nacional Mayor de San Marcos, _c1961. |
||
| 300 |
_a123 paginas ; _c17 cm. |
||
| 500 | _aDonación familia Nieto | ||
| 505 | _aContenido :Revolución cubana Verso en armas --Retrato de la revolución --Laurel para el idioma --Amanecer de Cuba --El campesino en hombros de si mismo --Vertebrado inmortal cuida tu isla ... | ||
| 650 |
_aLiteratura peruana _9169 |
||
| 650 |
_aRevolucion cubana _98094 |
||
| 650 |
_aPoesías _92272 |
||
| 650 |
_aSiglo XX _98 |
||
| 942 |
_2ddc _cLIBROS |
||
| 945 | _arjall | ||